Forum on turbulent flows - 1987 : presented at the 1987 ASME Applied Mechanics, Bioengineering, and Fluids Engineering Conference, Cincinnati, Ohio, June 14-17, 1987 /

Bibliographic Details
Corporate Authors: ASME Applied Mechanics, Bioengineering, and Fluids Engineering Conference Cincinnati, Ohio, American Society of Mechanical Engineers. Fluids Engineering Division
Other Authors: Bower, W. W. (William W.), 1945-
Format: Conference Proceeding Book
Language:English
Published: New York : The American Society of Mechanical Engineers, [1987]
Series:FED (Series) ; v. 51.
Subjects:

MARC

Tag First Indicator Second Indicator Subfields
LEADER 00000cam a2200000 a 4500
001 in00000007190
005 20151005050049.0
008 870728s1987 nyua b 10010 eng d
010 |a  87071097  
035 |a (OCoLC)16306756 
035 |9 AAA1665AM 
040 |a TXA  |c TXA  |d VPI  |d TXA  |d UtOrBLW 
049 |a TXAM  |c [A12616319] 
050 4 |a TL574.T8  |b A24 1987 
111 2 |a ASME Applied Mechanics, Bioengineering, and Fluids Engineering Conference  |d (1987 :  |c Cincinnati, Ohio) 
245 1 0 |a Forum on turbulent flows - 1987 :  |b presented at the 1987 ASME Applied Mechanics, Bioengineering, and Fluids Engineering Conference, Cincinnati, Ohio, June 14-17, 1987 /  |c sponsored by the Fluids Engineering Division, ASME ; edited by W.W. Bower. 
264 1 |a New York :  |b The American Society of Mechanical Engineers,  |c [1987] 
264 4 |c ©1987 
300 |a v, 100 pages :  |b illustrations ;  |c 28 cm. 
336 |a text  |b txt  |2 rdacontent 
337 |a unmediated  |b n  |2 rdamedia 
338 |a volume  |b nc  |2 rdacarrier 
490 1 |a FED ;  |v vol. 51 
504 |a Includes bibliographical references. 
650 0 |a Turbulence  |v Congresses. 
700 1 |a Bower, W. W.  |q (William W.),  |d 1945- 
710 2 |a American Society of Mechanical Engineers.  |b Fluids Engineering Division. 
830 0 |a FED (Series) ;  |v v. 51. 
999 |a MARS 
999 f f |s d9376974-351e-3d23-8c76-680385d9b6ca  |i 140e4cee-3abf-3f0e-ab57-816e116c8f08  |t 0 
952 f f |p ric  |a Texas A&M University  |b Rellis Campus  |c Joint Library Facility  |d Remote Storage  |t 0  |e TL574.T8 A24 1987  |h Library of Congress classification  |i unmediated -- volume  |m A14812616319 
998 f f |a TL574.T8 A24 1987  |t 0  |l Remote Storage